<?xml version="1.0" encoding="UTF-8"?>
<record
    xmlns:xsi="http://www.w3.org/2001/XMLSchema-instance"
    xsi:schemaLocation="http://www.loc.gov/MARC21/slim http://www.loc.gov/standards/marcxml/schema/MARC21slim.xsd"
    xmlns="http://www.loc.gov/MARC21/slim">

  <leader>00412nam a22001457a 4500</leader>
  <controlfield tag="005">20150206145452.0</controlfield>
  <controlfield tag="008">150206b        xxu||||| |||| 00| 0 eng d</controlfield>
  <datafield tag="040" ind1=" " ind2=" ">
    <subfield code="a">Loreto College</subfield>
  </datafield>
  <datafield tag="041" ind1=" " ind2=" ">
    <subfield code="a">English</subfield>
  </datafield>
  <datafield tag="245" ind1=" " ind2=" ">
    <subfield code="a">Journal of educational technology</subfield>
    <subfield code="b">The world of technology, where education meets boundless heights</subfield>
  </datafield>
  <datafield tag="260" ind1=" " ind2=" ">
    <subfield code="a">Tamilnadu</subfield>
    <subfield code="b">i-manager</subfield>
  </datafield>
  <datafield tag="650" ind1=" " ind2=" ">
    <subfield code="a">Education</subfield>
  </datafield>
  <datafield tag="850" ind1=" " ind2=" ">
    <subfield code="a">LCBED</subfield>
  </datafield>
  <datafield tag="942" ind1=" " ind2=" ">
    <subfield code="c">BV</subfield>
  </datafield>
  <datafield tag="999" ind1=" " ind2=" ">
    <subfield code="c">39802</subfield>
    <subfield code="d">90281</subfield>
  </datafield>
  <datafield tag="952" ind1=" " ind2=" ">
    <subfield code="0">0</subfield>
    <subfield code="1">0</subfield>
    <subfield code="2">ddc</subfield>
    <subfield code="4">0</subfield>
    <subfield code="7">0</subfield>
    <subfield code="a">MAIN</subfield>
    <subfield code="b">MAIN</subfield>
    <subfield code="d">2015-02-06</subfield>
    <subfield code="h">Vol. 4-5, No. 4, 1, 2,3, 4</subfield>
    <subfield code="i">Vol.4-5, No.-4,1,2,3,4; 2008-200</subfield>
    <subfield code="l">0</subfield>
    <subfield code="o">JET (B.Ed)</subfield>
    <subfield code="p">BV865</subfield>
    <subfield code="r">2015-02-06</subfield>
    <subfield code="w">2015-02-06</subfield>
    <subfield code="y">BV</subfield>
  </datafield>
  <datafield tag="952" ind1=" " ind2=" ">
    <subfield code="0">0</subfield>
    <subfield code="1">0</subfield>
    <subfield code="2">ddc</subfield>
    <subfield code="4">0</subfield>
    <subfield code="7">0</subfield>
    <subfield code="a">MAIN</subfield>
    <subfield code="b">MAIN</subfield>
    <subfield code="d">2015-02-06</subfield>
    <subfield code="h">Vol. 6, No. 1, 2, 3</subfield>
    <subfield code="i">Vol. 6, No. 1,2,3 ; 2009</subfield>
    <subfield code="l">0</subfield>
    <subfield code="o">JET (B.Ed)</subfield>
    <subfield code="p">BV866</subfield>
    <subfield code="r">2015-02-06</subfield>
    <subfield code="w">2015-02-06</subfield>
    <subfield code="y">BV</subfield>
  </datafield>
  <datafield tag="952" ind1=" " ind2=" ">
    <subfield code="0">0</subfield>
    <subfield code="1">0</subfield>
    <subfield code="2">ddc</subfield>
    <subfield code="4">0</subfield>
    <subfield code="7">0</subfield>
    <subfield code="a">MAIN</subfield>
    <subfield code="b">MAIN</subfield>
    <subfield code="d">2015-02-06</subfield>
    <subfield code="h">Vol. 7-8, No. 4, 1, 2, 3</subfield>
    <subfield code="i">Vol. 7-8, No. 4,1, 2, 3 ; 2011</subfield>
    <subfield code="l">0</subfield>
    <subfield code="o">JET (B.Ed)</subfield>
    <subfield code="p">BV867</subfield>
    <subfield code="r">2015-02-06</subfield>
    <subfield code="w">2015-02-06</subfield>
    <subfield code="y">BV</subfield>
  </datafield>
  <datafield tag="952" ind1=" " ind2=" ">
    <subfield code="0">0</subfield>
    <subfield code="1">0</subfield>
    <subfield code="2">ddc</subfield>
    <subfield code="4">0</subfield>
    <subfield code="7">0</subfield>
    <subfield code="a">MAIN</subfield>
    <subfield code="b">MAIN</subfield>
    <subfield code="d">2015-02-06</subfield>
    <subfield code="h">Vol. 9-10,  No. 4, 1, 2</subfield>
    <subfield code="i">Vol. 9-10,  No. 4, 1, 2 ; 2013</subfield>
    <subfield code="l">0</subfield>
    <subfield code="o">JET (B.Ed)</subfield>
    <subfield code="p">BV868</subfield>
    <subfield code="r">2015-02-06</subfield>
    <subfield code="w">2015-02-06</subfield>
    <subfield code="y">BV</subfield>
  </datafield>
</record>
